Normal view
MARC view
- Hooker, M. B.
Entry Personal Name
001 - CONTROL NUMBER
- control field: 3808
003 - CONTROL NUMBER IDENTIFIER
- control field: OSt
005 - DATE AND TIME OF LATEST TRANSACTION
- control field: 20170512101208.0
008 - FIXED-LENGTH DATA ELEMENTS
- fixed length control field: 170512|| aca||aabn | a|a d
040 ## - CATALOGING SOURCE
- Original cataloging agency: OSt
- Transcribing agency: OSt
100 ## - HEADING--PERSONAL NAME
- Personal name: Hooker, M. B.
670 ## - SOURCE DATA FOUND
- Source citation: Work cat.: (OSt)0: Hooker, M. B., A concise legal history of South-East Asia /, 1978

PORTAL AKMAL
E-MEL JKDM
AKMAL2U
G-BAM
u-PUSTAKA